000 00540nam a2200217 a 4500
001 0001-2169
003 ELIB.Books
008 190801 2010 eng
020 _aKBTS
092 _a253
_bDam
100 _aDamazio, Frank.
245 _aEffective Keys To Successful Leadership
260 _aIndia
_bGS Books
_c2016
300 _a189
_c21 Cm
650 _aLeadership
856 _nKBTS Library
_uKBTS Elib
942 _2ddc
_cBK
990 _a1
998 _aEnglishbooks.elf
_ccat
_e2019-08-01
999 _c12169
_d12169